000 00419nab a2200145Ia 4500
003 ES-SlBCS
005 20210601133831.0
008 140529s1982 xxu||||| |||| 00| 0 por d
041 _apor
100 1 _aVier, Raimundo
_9210210
245 0 2 _aA Navalha de Ockham
_c Raimundo Vier
600 0 4 _aGuillermo de Ockham
_9131414
773 0 _tPresença Filosofica
_gvol. 8, nº. 1-2, 1982, págs. 117-121
_wRev966
942 _cAR
999 _c602865
_d602865